000 00576nam a2200181Ia 4500
001 20032
005 20260306172736.0
008 260306t2017||||xx |||||||||||||| ||spa||
041 _aESP
082 _a342.211
_bC17
100 _aCalvi del Risco, José Antonio
_eAUT
245 0 _aAutonomía de las entidades religiosas, libertad religiosa e igualdad:
_banálisis jurídico del respeto del principio de autonomía en las Américas, España e Israel
260 _c2017
300 _a221 páginas :
_c30 cm.
650 _aGEN
654 _aCDE
942 _cLIB
_dJUS
_fJUS
_2ddc
_n
999 _c20032
_d20032